[Event "RUS-chB U18"]
[Site "Dagomys"]
[Date "2009.04.22"]
[Round "8"]
[White "Ismatulaeva, Elmira"]
[Black "Goldaeva, Kseniya"]
[Result "0-1"]
[WhiteElo "1979"]
[BlackElo "1879"]
[PlyCount "80"]
[EventDate "2009.04.15"]
[EventType "swiss"]
[EventRounds "9"]
[EventCountry "RUS"]
[SourceTitle "EXT 2010"]
[Source "ChessBase"]
[SourceDate "2010.11.25"]
[SourceVersion "1"]
[SourceVersionDate "2010.11.25"]
[SourceQuality "1"]

1. Nf3 Nf6 2. c4 c5 3. g3 b6 4. Bg2 Bb7 5. 0-0 e6 6. Nc3 Be7 7. e3 0-0 8. d4 d5 9. cxd5 Nxd5 10. Nxd5 Bxd5 11. dxc5 Bxc5 12. Qe2 Nd7 13. e4 Bb7 14. Bf4 Qe7 15. e5 h6 16. Rfd1 Rfd8 17. a3 a5 18. Rd2 Nf8 19. Rad1 Ng6 20. Be3 Bd5 21. Bxc5 bxc5 22. Ne1 Bxg2 23. Nxg2 Rxd2 24. Rxd2 Rd8 25. f4 Qc7 26. Ne3 Ne7 27. Qd1 Rxd2 28. Qxd2 Nc6 29. Nc4 Nd4 30. Qxa5 Qc6 31. Nd2 Qd5 32. a4 Kh7 33. h3 h5 34. Kh2 Ne2 35. h4 Qd3 36. Nf1 Qd4 37. Kg2 Qg1+ 38. Kf3 Nd4+ 39. Ke4 Qg2+ 40. Ke3 Qe2# 0-1

[Event "RUS-chB U18"]
[Site "Dagomys"]
[Date "2009.04.15"]
[Round "1"]
[White "Emelianova, Ekaterina"]
[Black "Ismatulaeva, Elmira"]
[Result "0-1"]
[WhiteElo "1813"]
[BlackElo "1979"]
[PlyCount "56"]
[EventDate "2009.04.15"]
[EventType "swiss"]
[EventRounds "9"]
[EventCountry "RUS"]
[SourceTitle "EXT 2010"]
[Source "ChessBase"]
[SourceDate "2010.11.25"]
[SourceVersion "1"]
[SourceVersionDate "2010.11.25"]
[SourceQuality "1"]

1. c4 f5 2. Nc3 Nf6 3. g3 g6 4. Bg2 Bg7 5. Nf3 0-0 6. 0-0 d6 7. d4 c6 8. Qc2 Nbd7 9. Rb1 e5 10. dxe5 dxe5 11. e3 e4 12. Nd4 Ne5 13. c5 b6 14. b4 Qe8 15. Na4 Ba6 16. Rd1 Bd3 17. Qb3+ Bc4 18. Qc2 Bd3 19. Qb3+ Nd5 20. Rxd3 Nxd3 21. cxb6 Rf7 22. bxa7 Raxa7 23. a3 Qa8 24. Nc3 Nxc1 25. Rxc1 Rxa3 26. Qc4 Nb6 27. Qe6 Rxc3 28. Rxc3 Qa1+ 0-1

[Event "Novoshachtinsk op"]
[Site "Novoshachtinsk"]
[Date "2007.02.??"]
[Round "1"]
[White "Ismatulaeva, Elmira"]
[Black "Karpov, Vadim"]
[Result "0-1"]
[WhiteElo "1954"]
[BlackElo "2402"]
[PlyCount "100"]
[EventDate "2007.02.??"]
[EventType "swiss"]
[EventRounds "9"]
[EventCountry "RUS"]
[SourceTitle "EXT 2010"]
[Source "ChessBase"]
[SourceDate "2010.11.25"]
[SourceVersion "1"]
[SourceVersionDate "2010.11.25"]
[SourceQuality "1"]

1. c4 Nf6 2. d4 e6 3. Nf3 c5 4. Nc3 cxd4 5. Nxd4 a6 6. e3 Qc7 7. Bd3 d6 8. 0-0 Be7 9. Qd2 0-0 10. b3 Nbd7 11. Bb2 b6 12. f3 Bb7 13. Rac1 Rac8 14. Kh1 Qb8 15. Ba3 Rfd8 16. Rfd1 Bf8 17. Be2 Nc5 18. Qb2 g6 19. Nc2 Bg7 20. Bxc5 dxc5 21. Ne1 Ne8 22. Nd3 Nd6 23. Qd2 b5 24. Nb1 Nf5 25. Bf1 Bh6 26. Re1 b4 27. Qf2 a5 28. Nd2 Qa8 29. Nb2 Bg5 30. g3 Rxd2 31. Qxd2 Bxf3+ 32. Kg1 Rd8 33. Qf2 Bf6 34. Nd3 Bc3 35. Nxc5 Bxe1 36. Rxe1 Qc6 37. e4 Nd4 38. Nd3 Bxe4 39. Ne5 Nf3+ 40. Nxf3 Bxf3 41. Re3 Be4 42. Qe2 f5 43. g4 Qc5 44. Qf2 Rd1 45. gxf5 exf5 46. Re1 Qxf2+ 47. Kxf2 Rxe1 48. Kxe1 Kf7 49. Kd2 f4 50. c5 Kf6 0-1

[Event "Novoshachtinsk op"]
[Site "Novoshachtinsk"]
[Date "2007.02.??"]
[Round "6"]
[White "Palkovich, Denis"]
[Black "Ismatulaeva, Elmira"]
[Result "1-0"]
[WhiteElo "2253"]
[BlackElo "1954"]
[PlyCount "55"]
[EventDate "2007.02.??"]
[EventType "swiss"]
[EventRounds "9"]
[EventCountry "RUS"]
[SourceTitle "EXT 2010"]
[Source "ChessBase"]
[SourceDate "2010.11.25"]
[SourceVersion "1"]
[SourceVersionDate "2010.11.25"]
[SourceQuality "1"]

1. e4 e6 2. d4 d5 3. e5 c5 4. Qg4 cxd4 5. Nf3 f5 6. Qg3 Nc6 7. Bd3 Nge7 8. 0-0 Nb4 9. Nxd4 Nxd3 10. cxd3 Nc6 11. Nf3 Qd7 12. Nc3 Bb4 13. Ne2 0-0 14. a3 Be7 15. Bh6 Bd8 16. Nf4 Rf7 17. Rac1 b6 18. Rfe1 Bb7 19. d4 Rc8 20. b4 Kh8 21. Bg5 Ne7 22. Bh4 h6 23. Bxe7 Bxe7 24. Qg6 Bf8 25. Nxe6 Rxc1 26. Rxc1 Bc8 27. Nfg5 hxg5 28. Nxg5 1-0

[Event "Makienko Memorial"]
[Site "Rostov on Don"]
[Date "2007.??.??"]
[Round "1"]
[White "Ismatulaeva, Elmira"]
[Black "Baatar, Bold"]
[Result "0-1"]
[WhiteElo "1954"]
[BlackElo "2176"]
[PlyCount "58"]
[EventDate "2007.03.26"]
[EventType "swiss"]
[EventRounds "9"]
[EventCountry "RUS"]
[SourceTitle "EXT 2022"]
[Source "ChessBase"]
[SourceDate "2021.10.06"]
[SourceVersion "1"]
[SourceVersionDate "2021.10.06"]
[SourceQuality "1"]

1. c4 c6 2. d4 d5 3. cxd5 cxd5 4. Nc3 Nc6 5. Bf4 Nf6 6. Nf3 Bf5 7. e3 e6 8. a3 Be7 9. Be2 0-0 10. 0-0 Nh5 11. Be5 f6 12. Bg3 Nxg3 13. hxg3 Bg6 14. Nh4 Bf7 15. f4 e5 16. Nf5 exd4 17. Nxd4 Bc5 18. Qd2 Re8 19. b4 Bb6 20. Kh2 Rc8 21. Bg4 Nxd4 22. exd4 Rc4 23. Ne2 f5 24. Bxf5 Qf6 25. Bg4 Qg6 26. Bf3 Qh6+ 27. Kg1 Rxe2 28. Bxe2 Rxd4 29. Qe1 Rxf4+ 0-1